Does Egypt Have... - Statistics

General Stats
  • This quiz has been taken 30 times
  • The average score is 14 of 20
Answer Stats
Hint Explanation Answer % Correct
The Shortest Name Of Any African Country Chad, Mali and Togo all have four letter names No
96%
The Most Muslims Out Of Any Country Indonesia, Pakistan, India, Bangladesh and Nigeria all beat Egypt No
88%
The Most Sacred Spot In Islam The Kaaba is located in Mecca, Saudi Arabia No
88%
Ten Million Annual Tourists Nearly 16 Million in 2024 Yes
88%
The Highest HDI In Africa It ranks #5, after Mauritius, Seychelles, Algeria and Tunisia No
81%
One-Fifth Of The Nile About 22% of the Nile's total course runs through Egypt Yes
81%
The Most Area Out Of All Countries On The Mediterranean Algeria and Libya both top Egypt No
77%
The Oldest Civilization In Africa Ancient Egypt is recognized as one of the cradles of civilization Yes
77%
The Most Coastline In Africa Madagascar, Morocco, South Africa and Mozambique all beat Egypt No
73%
Mandatory Military Service Egypt has mandatory military service for all male citizens between the ages of 18 and 30 Yes
73%
A Border With Saudi Arabia Saudi Arabia lies 9 miles across the Red Sea No
69%
The Highest GDP In Africa Approximately $63 Billion behind South Africa No
69%
The Most Pyramids Out Of Any Country Sudan has 137 more No
69%
King Tut's Mummy Today It is located in Luxor, Egypt Yes
65%
Half An Inch Of Rain Annually Throughout The Whole Country Egypt's average is 0.7 inches of rainfall, though the Mediterranean Coast sometimes gets ten times that Yes
65%
One-Fifth Of Arabic Speakers Worldwide Almost one-fourth, with 24% Yes
65%
The Busiest Airport In Africa Cairo International gets 10M more annual visitors than Johannesburg, #2 Yes
62%
The Most Populous Capital By Urban Area Tokyo, Delhi, Jakarta, Manila, Mexico City, Seoul... No
50%
Land On The Atlantic And The Indian Oceans The Mediterranean connects to the Atlantic, and the Red Sea connects to the Indian Yes
35%
A Higher Obesity Rate Than The USA Egypt's rate is 43%, while the USA's is 42.9% Yes
23%
No matching quizzes found
Score Distribution
Percent of People with Each Score
Percentile by Number Answered
Your Score History
You have not taken this quiz